00914 2200337 4500001002100000005001500021007000300036008004100039020002200080035002000102040001700122041000800139082001000147084001600157090002400173100003100197245004600228250001200274264003600286300002500322336002100347337003000368338002300398500003000421504003000451650001300481700002800494850001000522990002200532990002200554INLIS00000000000836020260525021250ta260525 0  a978-979-24-3848-2 a0010-0922000849 aSBPUPADbind07aInd a616.4 a616.4 ULF s a616.462 JOK r L18-20 aUlfa NurrahmaniePengarang1 aStop Diabetes Mellitus /cUlfa Nurrahmani a.-Cet,1 a.--Yogyakarta :bFamilia,c2017 avi, 220 hlm ;c20 cm 2rdacontentateks 2rdamediaatanpa perantara 2rdacarrieravolume aTentang Penulis, hlm. 219 aBibliografi, hlm. 215-217 4aDiabetes0 aEditor, QoniePengarang aPUPAD a28.695/B/DPK/2018 a28.696/B/DPK/2018